| 000 | 01148nam2a22002651 4500 | ||
|---|---|---|---|
| 001 | v19\rc\1820974 | ||
| 005 | 20250619133151.0 | ||
| 035 | _a(NLR Aleph) 004918853 | ||
| 090 |
_a5556318 _c5556318 |
||
| 100 | _a20071224d1909 |||y0rusy50 ca | ||
| 101 | 0 | _arus | |
| 102 | _aRU | ||
| 105 | _ay z ||||| | ||
| 200 | 0 |
_a... за 1908 г. _e(5-й операционный год О-ва) |
|
| 210 |
_d1909 _aБ. м. |
||
| 215 | _a21, [10] с. | ||
| 461 | 0 |
_1001v19\rc\1820971 _12001#$aОтчет Общества взаимного кредита деятелей печатного дела...$v... за 1908 г. _95556288 _aПетербургское общество взаимного кредита деятелей печатного дела _cСанкт-Петербург _d[1907]-[1915] _tОтчет Общества взаимного кредита деятелей печатного дела... _v... за 1908 г. |
|
| 801 | 0 |
_aRU _bNLR _gpsbo |
|
| 801 | 0 |
_aRU _bRuMoRGB _2psbo |
|
| 801 | 1 |
_aRU _bProSoft-M _2rusmarc |
|
| 852 |
_aNLR _j34.61а.4.89(2) |
||
| 899 |
_aRuMoRGB _jV 4/254 |
||
| 899 | _aБАН (1906-1914*) | ||
| 942 | _cBOOK | ||
| 980 | _aNB | ||